UBT Library

Nonprescription drug therapy : (Record no. 42027)

000 -LEADER
fixed length control field 00696cam a22002174a 4500
001 - CONTROL NUMBER
control field 14190930
005 - DATE AND TIME OF LATEST TRANSACTION
control field 20180207080529.0
008 - FIXED-LENGTH DATA ELEMENTS--GENERAL INFORMATION
fixed length control field 051206s2005 moua 001 0 eng
010 ## - LIBRARY OF CONGRESS CONTROL NUMBER
LC control number 2005284190
020 ## - INTERNATIONAL STANDARD BOOK NUMBER
International Standard Book Number 1574392239 (pbk.)
040 ## - CATALOGING SOURCE
Original cataloging agency DLC
Transcribing agency DLC
Modifying agency DLC
041 ## - LANGUAGE CODE
Language code of text/sound track or separate title eng
080 ## - UNIVERSAL DECIMAL CLASSIFICATION NUMBER
Universal Decimal Classification number 615 COV
082 ## - DEWEY DECIMAL CLASSIFICATION NUMBER
Classification number 615 COV
100 ## - Rafti
Rafti 5
101 ## - Shkurtesa
Shkurtesa FAR
245 00 - TITLE STATEMENT
Title Nonprescription drug therapy :
Statement of responsibility, etc [editor, Tim R. Covington].
906 ## - LOCAL DATA ELEMENT F, LDF (RLIN)
a 7
b cbc
c origcop
d 2
e ncip
f 20
g y-gencatlg
942 ## - ADDED ENTRY ELEMENTS (KOHA)
Source of classification or shelving scheme
Item type Books
Holdings
Withdrawn status Lost status Source of classification or shelving scheme Damaged status Not for loan Collection code Permanent location Current location Shelving location Date acquired Total Checkouts Full call number Barcode Date last seen Price effective from Koha item type
          Koleksioni i përgjithshem UBT - Lipjan UBT - Lipjan Koleksioni i përgjithshem 02/07/2018   615 COV 002-2999016 02/07/2018 02/07/2018 Books
UBT Library © 2015-2024. All rights reserved University Education for Business and Technology